| 000 | 01057nam a2200265Ia 4500 | ||
|---|---|---|---|
| 003 | OSt | ||
| 005 | 20220923211014.0 | ||
| 006 | a|||||r|||| 00| 0 | ||
| 007 | ta | ||
| 008 | 220922b |||||||| |||| 00| 0 hin d | ||
| 020 |
_a8170553865 (hbk) _c175 |
||
| 024 | _a241,569 | ||
| 037 |
_b493, 04/03/2010, Vani Prakashan _cTextual |
||
| 040 |
_aARTS _cARTS _bhin |
||
| 041 |
_2hin _ahin |
||
| 082 | _aO152,6M84x, P5 | ||
| 100 |
_aद्विवेदी, महावीर प्रसाद; यायावर, भारत, संपा. _9157098 |
||
| 245 | 0 | _aसाहित्य - विचार | |
| 246 | _aSāhitya - vichāra | ||
| 260 |
_aनई दिल्ली _b वाणी प्रकाशन _c2005 |
||
| 300 |
_a175पृ. _ccm. |
||
| 650 |
_aहिन्दी साहित्य _9156264 |
||
| 942 |
_hO152,6M84x, P5 _cTEXL _2CC |
||
| 999 |
_c293840 _d293840 |
||